000
00303nam a2200109Ia 4500
008
171211s9999 xx 000 0 und d
245
_a
Gravitation: Foundations and Frontiers
245
_c
T. Padmanabhan
260
_c
2010
650
_x
ASTRONOMY
856
_u
http://down.ebook777.com/065/0521882230.pdf
999
_c
349388
_d
349388